Del odio al orden en los manuscritos de las novelas : la incógnita y realidad de Benito Pérez Galdós /
Spremljeno u:
| Glavni autor: | |
|---|---|
| Format: | Nepoznato |
| Jezik: | Spanish |
| Teme: | |
| Oznake: |
Dodaj oznaku
Bez oznaka, Budi prvi tko označuje ovaj zapis!
|
MARC
| LEADER | 000000000a22000000004500 | ||
|---|---|---|---|
| 001 | 006380 | ||
| 041 | 0 | |a spa | |
| 100 | 1 | |a Delgado, Josefina | |
| 245 | 1 | 0 | |a Del odio al orden en los manuscritos de las novelas : |b la incógnita y realidad de Benito Pérez Galdós / |c Josefina Delgado. |
| 650 | 4 | |a PÉREZ GALDÓS, BENITO | |
| 650 | 4 | |a ANÁLISIS LITERARIO | |
| 650 | 4 | |a LA INCOGNITA | |
| 650 | 4 | |a REALIDAD | |
| 773 | 0 | |d Argentina : Instituto de Filología y Literaturas Hispánicas |t Filología |g año 28, número 1-2 (1995), páginas 147-153 | |
| 942 | |c ARC | ||
| 999 | |c 12852 |d 12852 | ||
